[Event "Challenge"]
[Site "http://www.queenalice.com/game.php?id=325323"]
[Date "2007.12.24"]
[Round "-"]
[White "Alexmonteiro"]
[Black "TheWatcher"]
[Result "0-1"]
[WhiteElo "1964"]
[BlackElo "1732"]

1. e4 e5 2. Nc3 Nc6 3. Bc4 Nf6 4. d3 h6 5. Nf3 Be7 6. O-O d6 7. h3 a6 8. Be3 Na5
9. Bb3 c6 10. Qd2 b5 11. Nh2 g5 0-1

[Event "QA-ANNIV-02"]
[Site "http://www.queenalice.com/game.php?id=346158"]
[Date "2008.1.31"]
[Round "11"]
[White "trompmaster"]
[Black "Alexmonteiro"]
[Result "1-0"]
[WhiteElo "1968"]
[BlackElo "1926"]

1. g3 d5 2. d3 e5 3. Bg2 c6 4. Nf3 Bd6 5. Nbd2 Nf6 6. e4 O-O 7. O-O Bg4 8. h3
Be6 9. Re1 Qc8 10. Kh2 h6 11. exd5 cxd5 12. Nxe5 Nc6 13. Ndf3 Re8 14. Nxc6 bxc6
15. Nd4 Bd7 16. Rxe8+ Qxe8 17. Bd2 Rb8 18. Bc3 c5 19. Nb3 d4 20. Bd2 Be6 21. Qe1
Qd7 22. Qc1 Re8 23. Na5 1-0

[Event "PORTUGAL"]
[Site "http://www.queenalice.com/game.php?id=349367"]
[Date "2008.2.6"]
[Round "3"]
[White "Patrick77"]
[Black "Alexmonteiro"]
[Result "1-0"]
[WhiteElo "1748"]
[BlackElo "1908"]

1. e4 e6 2. d4 d5 3. exd5 exd5 4. Nf3 Bd6 5. Nc3 c6 6. Bd3 Ne7 7. h3 O-O 8. O-O
Bf5 9. Re1 Qc7 10. Bxf5 Nxf5 11. Qd3 g6 12. Bg5 1-0

[Event "Tribute to Csparrow"]
[Site "http://www.queenalice.com/game.php?id=431846"]
[Date "2008.7.12"]
[Round "-"]
[White "Alexmonteiro"]
[Black "positionalgenius"]
[Result "1-0"]
[WhiteElo "1888"]
[BlackElo "1821"]

1. e4 c5 2. Nf3 d6 3. c3 Nc6 4. d4 cxd4 5. cxd4 e6 6. Nc3 Be7 7. Bd3 Nf6 8. O-O
O-O 9. Bg5 h6 10. Bh4 d5 11. e5 Nd7 12. Bxe7 Nxe7 13. Rc1 Nb6 14. Nb5 Bd7 15.
Nd6 Bc6 16. Bb1 Nec8 17. Qd3 g6 18. Nxf7 Rxf7 19. Qxg6+ Rg7 20. Qxe6+ Kh8 21.
Qxh6+ Kg8 22. Nh4 Ne7 23. f4 Qf8 24. f5 Rh7 25. Qf4 Qh6 26. f6 Qxh4 27. Bxh7+
Qxh7 28. fxe7 Qxe7 29. Rc3 Rf8 30. Rg3+ Kh7 31. Qxf8 1-0

[Event "Challenge"]
[Site "http://www.queenalice.com/game.php?id=476535"]
[Date "2008.10.12"]
[Round "-"]
[White "Alexmonteiro"]
[Black "csegura"]
[Result "1-0"]
[WhiteElo "1904"]
[BlackElo "1389"]

1. e4 c5 2. Nf3 d6 3. c3 Nd7 4. d4 Ngf6 5. Bd3 b6 6. O-O e5 7. Bg5 b5 8. Qe2 h6
9. Bxf6 Qxf6 10. dxe5 Nxe5 11. Nxe5 dxe5 12. Bxb5+ Bd7 13. Bxd7+ Kxd7 14. Qb5+
Kc7 15. Rd1 Rb8 16. Qd7+ Kb6 17. Na3 Rd8 18. Qxd8+ Qxd8 19. Rxd8 g5 20. Rad1 h5
21. Rb8+ Ka6 22. Rdd8 g4 23. Rxf8 Rxf8 24. Rxf8 f5 25. exf5 e4 26. f6 g3 27. f7
c4 28. Re8 gxh2+ 29. Kxh2 e3 30. fxe3 h4 31. Re7 h3 32. f8=Q hxg2 33. Qf6+ Ka5
34. Re5+ Ka4 35. Qa6# 1-0

[Event "Challenge"]
[Site "http://www.queenalice.com/game.php?id=508015"]
[Date "2008.12.15"]
[Round "-"]
[White "ORNELAS"]
[Black "Alexmonteiro"]
[Result "0-1"]
[WhiteElo "1694"]
[BlackElo "1901"]

1. e4 e6 2. e5 d5 3. d4 c5 4. b3 cxd4 5. Qxd4 Nc6 6. Qf4 Qc7 7. Bd2 Qxe5+ 8.
Qxe5 Nxe5 9. Bb5+ Bd7 10. Bxd7+ Nxd7 11. Be3 Bc5 12. Bxc5 Nxc5 13. Nf3 Rc8 14.
O-O Nf6 15. Ne5 O-O 16. Nd2 Nce4 17. Nxe4 Nxe4 18. c4 f6 19. Nd7 Rf7 20. f3 Nd6
21. cxd5 exd5 22. Nxf6+ Rxf6 23. Rad1 Rc5 24. b4 Rb5 25. a3 Nc4 26. Rfe1 Kf7 27.
Re2 Re6 28. Rxe6 Kxe6 29. Re1+ Kf7 30. h3 a6 31. f4 Nxa3 32. Rc1 Rxb4 33. Rc7+
Kg6 34. Rd7 Rb5 35. Rd6+ Kf5 36. Rd7 g6 37. Rf7+ Ke4 38. Rxh7 Kxf4 39. Rg7 Rb6
40. Rd7 Kg3 41. Rxd5 Rb1+ 0-1

[Event "Challenge"]
[Site "http://www.queenalice.com/game.php?id=512089"]
[Date "2008.12.24"]
[Round "-"]
[White "Defensor"]
[Black "Alexmonteiro"]
[Result "1-0"]
[WhiteElo "2034"]
[BlackElo "1906"]

1. Nf3 d5 2. d4 Nf6 3. Bg5 e6 4. Bxf6 Qxf6 5. e3 Bd6 6. Bd3 O-O 7. O-O c5 8. c3
Nc6 9. dxc5 Bxc5 10. Nd4 e5 11. Nxc6 bxc6 12. e4 Bb7 13. c4 Rad8 14. cxd5 cxd5
15. Qe2 dxe4 16. Bxe4 Ba6 17. Qc2 Bxf1 18. Qxc5 Rd1 19. Bc2 Re1 20. Qc3 Rxb1 21.
Rxb1 Bb5 22. Qc5 1-0

[Event "Rapidinho-3"]
[Site "http://www.queenalice.com/game.php?id=524896"]
[Date "2009.1.18"]
[Round "1"]
[White "Alexmonteiro"]
[Black "holandes"]
[Result "0-1"]
[WhiteElo "1917"]
[BlackElo "1984"]

1. e4 c5 2. Nf3 d6 3. c3 Nf6 4. Be2 Nbd7 5. d3 g6 6. O-O Bg7 7. h3 O-O 8. Be3
Qc7 9. Nbd2 e5 10. Rc1 d5 11. Bg5 h6 12. Bxf6 Nxf6 13. Re1 Rd8 14. Qc2 Be6 15.
a3 a5 0-1

[Event "Challenge"]
[Site "http://www.queenalice.com/game.php?id=525474"]
[Date "2009.1.19"]
[Round "-"]
[White "Alexmonteiro"]
[Black "Marllus"]
[Result "1-0"]
[WhiteElo "1911"]
[BlackElo "1661"]

1. e4 c5 2. Nf3 d6 3. c3 Nc6 4. d4 cxd4 5. cxd4 Bg4 6. d5 Ne5 7. Nxe5 Bxd1 8.
Bb5+ Qd7 9. Nxd7 Kd8 10. Kxd1 a6 11. Nb6 axb5 12. Nxa8 Nf6 13. f3 Nd7 14. Be3 g6
15. Nb6 Ne5 16. Kc2 Kc7 17. a4 b4 18. a5 Bg7 19. Rc1 Kb8 20. Bd4 h5 21. f4 1-0

[Event "QA-ANNIV-05"]
[Site "http://www.queenalice.com/game.php?id=604097"]
[Date "2009.6.15"]
[Round "1"]
[White "P_E_D_R_O"]
[Black "Alexmonteiro"]
[Result "0-1"]
[WhiteElo "1606"]
[BlackElo "1877"]

1. e4 e6 2. d4 d5 3. e5 c5 4. c3 Nc6 5. Nf3 Qb6 6. Qd3 Bd7 7. Be3 Qxb2 8. Nbd2
Qxa1+ 9. Ke2 Qxa2 10. dxc5 Nge7 11. g3 Nf5 12. g4 Nxe3 13. Qxe3 Na5 14. Ng5 Nc4
15. Qf4 Qxd2+ 16. Kf3 Qxf4+ 17. Kxf4 Bxc5 18. f3 Be3+ 19. Kg3 Bxg5 20. Bxc4 dxc4
0-1

[Event "QA-ANNIV-05"]
[Site "http://www.queenalice.com/game.php?id=723814"]
[Date "2010.2.1"]
[Round "3"]
[White "alesciulli"]
[Black "Alexmonteiro"]
[Result "0-1"]
[WhiteElo "1826"]
[BlackElo "1884"]

1. e4 e6 2. d4 d5 3. Nc3 Nf6 4. Bg5 Bb4 5. e5 h6 6. Bd2 Bxc3 7. bxc3 Ne4 8. Qg4
g6 9. Nf3 c5 10. Bd3 Nxd2 11. Nxd2 Qa5 12. dxc5 Qxc3 13. Rb1 Qxe5+ 14. Kd1 Nc6
15. f4 Qf6 16. Nf3 e5 17. Qh4 Qxh4 18. Nxh4 e4 19. Re1 O-O 20. Be2 Nd4 21. g3
Nxe2 22. Rxe2 Bg4 23. Rxb7 Rfc8 24. Rb5 Rc7 25. Ng2 Rac8 26. Ne3 Bxe2+ 27. Kxe2
Rxc5 28. Rxc5 Rxc5 29. Kd2 Kf8 30. Nd1 Ke7 31. h3 Kd6 32. g4 f5 33. Ne3 d4 34.
Nd1 Ra5 35. Nb2 Rxa2 36. Nc4+ Ke7 37. Ne5 Ra6 38. Ke2 Re6 39. Nc4 Rc6 0-1

[Event "Challenge"]
[Site "http://www.queenalice.com/game.php?id=747595"]
[Date "2010.3.17"]
[Round "-"]
[White "Alexmonteiro"]
[Black "Thanasis"]
[Result "1-0"]
[WhiteElo "1898"]
[BlackElo "1734"]

1. e4 e5 2. Nc3 Nf6 3. f4 d6 4. Nf3 Nc6 5. Bb5 Bd7 6. d3 Be7 7. Bxc6 Bxc6 8.
fxe5 dxe5 9. Nxe5 Bc5 10. Qe2 Qd4 11. Nxc6 bxc6 12. h3 O-O 13. Bf4 Bb4 14. Bd2
Rfe8 15. O-O-O a5 16. a3 Bc5 17. Rhf1 Rab8 18. Rde1 Rb7 19. Be3 Qe5 20. Bxc5
Qxc5 21. Qe3 Qh5 22. Rf2 Nd7 23. Ref1 Re7 24. Rf5 Qg6 25. Rxa5 Qxg2 26. Rg1 Qh2
27. Qg5 f6 28. Qg4 Qd6 29. Ra8+ Nf8 30. Qc8 Re5 31. Qxb7 Rh5 32. Qb4 c5 33. Qb3+
Kh8 34. Qf7 1-0

[Event "QA-ANNIV-05"]
[Site "http://www.queenalice.com/game.php?id=841330"]
[Date "2010.10.3"]
[Round "6"]
[White "Pato"]
[Black "Alexmonteiro"]
[Result "1-0"]
[WhiteElo "2104"]
[BlackElo "1925"]

1. e4 e6 2. Nf3 d5 3. Nc3 Nf6 4. d3 dxe4 5. Ng5 exd3 6. Bxd3 Bb4 7. O-O h6 8.
Nge4 Nbd7 9. Bf4 b6 10. Qf3 Rb8 11. Rad1 Bxc3 12. bxc3 Nd5 13. Bc1 Bb7 14. Qg3
N7f6 15. Qxg7 Rg8 16. Nxf6+ Nxf6 17. Bb5+ Ke7 18. Rxd8 Rbxd8 19. Bxh6 Rxg7 20.
Bxg7 Rd2 21. Bd3 Nd5 22. Bh6 Rxd3 23. cxd3 Nxc3 24. h4 Nxa2 25. Ra1 Bd5 26. g4
a5 27. h5 f6 28. Bd2 Kf7 29. f4 Kg7 30. Kf2 c5 31. g5 fxg5 32. fxg5 e5 33. h6+
Kg6 34. Re1 Nb4 35. Bxb4 axb4 36. Rxe5 1-0

[Event "Challenge"]
[Site "http://www.queenalice.com/game.php?id=850284"]
[Date "2010.10.24"]
[Round "-"]
[White "filomenos"]
[Black "Alexmonteiro"]
[Result "1-0"]
[WhiteElo "1967"]
[BlackElo "1916"]

1. d4 Nf6 2. Nf3 g6 3. g3 Bg7 4. Bg2 O-O 5. O-O d6 6. Bf4 Nbd7 7. c3 Re8 8. Nbd2
e5 9. dxe5 dxe5 10. Bg5 h6 11. Bxf6 Nxf6 12. Nc4 e4 13. Nfd2 b6 14. Qc2 Bb7 15.
e3 Qe7 16. Rad1 Rad8 17. Nb3 c5 18. Rd2 Rxd2 19. Qxd2 Rd8 20. Qe2 Qe6 21. Ncd2
a5 22. Rd1 Kh7 23. Re1 Nd7 24. Qb5 Bc6 25. Qe2 Bb7 26. Nc4 Ba6 27. Nbd2 Ne5 28.
b3 Nxc4 29. Nxc4 Bxc3 30. Rc1 Bg7 31. Qc2 Bxc4 32. Qxc4 Qxc4 33. bxc4 f5 34. a4
Rd6 35. h4 Bb2 36. Rb1 Bc3 37. Bf1 Bb4 38. Kg2 Kg7 39. Be2 Rd2 40. Bd1 Kf6 41.
Bb3 Ke5 42. Rd1 1-0

[Event "QA-ANNIV-05"]
[Site "http://www.queenalice.com/game.php?id=885901"]
[Date "2011.1.13"]
[Round "7"]
[White "Alexmonteiro"]
[Black "Rutty"]
[Result "0-1"]
[WhiteElo "1902"]
[BlackElo "2010"]

1. e4 e5 2. Nc3 Bc5 3. Bc4 Nf6 4. d3 h6 5. Be3 Bxe3 6. fxe3 O-O 7. Nf3 d6 8. h3
Be6 9. Bb3 c6 10. O-O Qb6 11. d4 Bxb3 12. axb3 Nbd7 13. Kh1 Rae8 14. Re1 a6 15.
Qd2 Nh5 16. Rad1 Ndf6 17. Kh2 g5 18. Qf2 exd4 19. exd4 Kg7 0-1

[Event "Challenge"]
[Site "http://www.queenalice.com/game.php?id=896830"]
[Date "2011.2.6"]
[Round "-"]
[White "R0ni"]
[Black "Alexmonteiro"]
[Result "1-0"]
[WhiteElo "2302"]
[BlackElo "1899"]

1. e4 e6 2. d4 d5 3. Nc3 Nf6 4. e5 Nfd7 5. f4 c5 6. Nf3 Nc6 7. Be3 Qb6 8. Na4
Qa5+ 9. c3 cxd4 10. b4 Qd8 11. Nxd4 a6 12. Nxc6 bxc6 13. Be2 Be7 14. O-O O-O 15.
a3 f6 16. exf6 Bxf6 17. Bg4 1-0